000 01376nam a2200385 i 4500
003 EG-ScBUE
005 20250109093251.0
006 m||||fq||h 00| 0
008 090302t2009 ohua f 001 0 eng d
020 _a9780324654257
020 _a0324654251
040 _aEG-ScBUE
_beng
_erda
_cEG-ScBUE
_dEG-ScBUE
082 0 4 _222
_a519.5024658
_bSWE
100 1 _92228
_aSweeney, Dennis J.,
_eauthor.
245 1 0 _aFundamentals of business statistics /
_cDennis J. Sweeney, University of Cincinnati, Thomas A. Williams, Rochester Institute of Technology, David R. Anderson, University of Cincinnati.
250 _aFifth edition.
250 _aInternational student edition.
264 1 _aMason :
_bSouth-Western, Cengage Learning,
_c[2009]
264 4 _cc2009
300 _axv, 656 pages :
_billustrations ;
_c24 cm +
_e1 CD
336 _2rdacontent
_atext
_btxt
336 _2rdacontent
_asounds
_bsnd
337 _aunmediated
_2rdamedia
_bn
337 _aaudio
_2rdamedia
_bs
338 _avolume
_bnc
_2rdacarrier
338 _acomputer disc
_bcd
_2rdacarrier
500 _aIncludes index.
500 _aIncludes Appendices.
650 7 _9802
_aCommercial statistics.
_2BUEsh
653 _bGGEN
_bBUSADM
_cSeptember2017
655 _vReading book
700 1 _aWilliams, Thomas A.,
_eauthor.
700 1 _aAnderson, David R.,
_eauthor.
_910301
942 _2ddc
_cBB
999 _c10989
_d10989